[Event "WYg16"]
[Site "Kemer TUR"]
[Date "2007.11.20"]
[Round "3"]
[White "Motycakova,M"]
[Black "Nakhbayeva,G"]
[Result "0-1"]
[WhiteElo "1883"]
[BlackElo "2024"]

1.e4 c5 2.Nf3 d6 3.d4 cxd4 4.Nxd4 Nf6 5.Nc3 a6 6.Be3 e5 7.Nb3 Be6 8.f3 Nbd7
9.g4 b5 10.h4 b4 11.Ne2 Nb6 12.Ng3 Nfd7 13.Bd3 d5 14.Qe2 d4 15.Bf2 a5 16.f4 a4
17.Nd2 exf4 18.Nf5 Bxf5 19.exf5+ Be7 20.Bxd4 O-O 21.O-O-O a3 22.g5 Bc5 23.Qf2 axb2+
24.Kb1  0-1

[Event "WYb18"]
[Site "Kemer TUR"]
[Date "2007.11.20"]
[Round "3"]
[White "Spoelman,W"]
[Black "Idrisov,T"]
[Result "1-0"]
[WhiteElo "2445"]
[BlackElo "2191"]

1.e4 c5 2.Nf3 d6 3.d4 cxd4 4.Nxd4 Nf6 5.Nc3 a6 6.Be3 e5 7.Nb3 Be6 8.Qd2 Be7
9.f4 exf4 10.Bxf4 Nc6 11.O-O-O Ne5 12.Nd4 O-O 13.Nf5 Nh5 14.g3 Bxf5 15.exf5 Nxf4
16.gxf4 Ng4 17.Rg1 Nf6 18.Qg2 Ne8 19.Nd5 Bf6 20.Rd3 Rc8 21.Rg3 b5 22.Bd3 Kh8
23.Kb1 Rg8 24.Rh3  1-0

[Event "WYb18"]
[Site "Kemer TUR"]
[Date "2007.11.20"]
[Round "3"]
[White "Caspi,I"]
[Black "Edouard,R"]
[Result "1-0"]
[WhiteElo "2377"]
[BlackElo "2472"]

1.e4 c5 2.Nf3 d6 3.d4 cxd4 4.Nxd4 Nf6 5.Nc3 a6 6.Be3 e5 7.Nb3 Be6 8.Qd2 Nbd7
9.O-O-O Be7 10.f3 O-O 11.g4 b5 12.Kb1 Nb6 13.Na5 Qc7 14.g5 Nfd7 15.Nd5 Nxd5
16.exd5 Bxd5 17.Qxd5 Qxa5 18.Bd3 Rae8 19.h4 Qd8 20.Be4 g6 21.h5 Kg7 22.f4 Rh8
23.h6+ Kg8 24.Rhf1 Rf8 25.a3 Nb6 26.Bxb6 Qxb6 27.fxe5 dxe5 28.Qxe5  1-0

[Event "WYb14"]
[Site "Kemer TUR"]
[Date "2007.11.21"]
[Round "4"]
[White "Pavlidis,Ant"]
[Black "Dubessay,B"]
[Result "1-0"]
[WhiteElo "2192"]
[BlackElo "2097"]

1.e4 c5 2.Nf3 d6 3.d4 cxd4 4.Nxd4 Nf6 5.Nc3 a6 6.Be3 e5 7.Nb3 Be6 8.f4 exf4
9.Bxf4 Nc6 10.Qe2 Be7 11.h3 Nd7 12.O-O-O Nce5 13.Nd5 Bxd5 14.exd5 O-O 15.Kb1 Bf6
16.g4 g6 17.h4 Bh8 18.Bc1 Qc7 19.h5 Rfc8 20.Nd4 Nf6 21.hxg6 fxg6 22.g5 Nxd5
23.Bh3 Nb4 24.Be6+ Nf7 25.Rdf1 Rf8 26.Rxf7 Rxf7 27.Rf1 Bxd4 28.Rxf7 Qxc2+
29.Qxc2 Nxc2 30.Rxb7+ Kh8 31.Kxc2  1-0

[Event "WYb16"]
[Site "Kemer TUR"]
[Date "2007.11.21"]
[Round "4"]
[White "Krejci,Jan2"]
[Black "Yilmaz,M"]
[Result "1-0"]
[WhiteElo "2397"]
[BlackElo "2247"]

1.e4 c5 2.Nf3 d6 3.d4 cxd4 4.Nxd4 Nf6 5.Nc3 a6 6.Be3 e5 7.Nf3 h6 8.Bc4 Be7
9.O-O O-O 10.Bb3 Qc7 11.Qe2 Be6 12.Rfd1 b5 13.Ne1 Nbd7 14.Nd3 Nb6 15.Nb4 Nc4
16.Bxc4 Bxc4 17.Qd2 a5 18.Nbd5 Nxd5 19.Nxd5 Bxd5 20.exd5 Rfc8 21.Rac1 Qd8
22.Qd3 Bg5 23.Bxg5 hxg5 24.c3 Rab8 25.h3 g6 26.Rc2 Kg7 27.Rdc1 Qb6 28.Qg3 f6
29.Qg4 Qd8 30.Qe6 Rc5 31.b4 Rc4 32.bxa5 Rb7 33.h4 Rxh4 34.g3 Rc4 35.a6 Re7
36.Qh3 Qa8 37.Rb2 Qxa6 38.Rcb1 g4 39.Qh4 Rb7 40.Kg2 Qa8 41.Rh1 Qg8 42.Qh6+ Kf7
43.Rhb1 Rxc3 44.Rxb5 Rxb5 45.Rxb5 Rc7 46.Rb8 Qg7 47.Qh4  1-0

[Event "WYb18"]
[Site "Kemer TUR"]
[Date "2007.11.21"]
[Round "4"]
[White "Kokol,P"]
[Black "Blomqvist,E"]
[Result "1-0"]
[WhiteElo "2213"]
[BlackElo "2334"]

1.e4 c5 2.Nf3 d6 3.d4 cxd4 4.Nxd4 Nf6 5.Nc3 a6 6.Be3 e5 7.Nb3 Be6 8.Qd2 Be7
9.f3 O-O 10.O-O-O Nbd7 11.g4 b5 12.g5 b4 13.Ne2 Ne8 14.f4 a5 15.f5 a4 16.fxe6 axb3
17.exf7+ Rxf7 18.Kb1 bxc2+ 19.Qxc2 Bxg5 20.Bxg5 Qxg5 21.Ng3 Kh8 22.Qb3 Rf2
23.Bb5 Nc5 24.Qxb4 Rb8 25.a4 Nc7 26.Rhf1 Rxh2 27.Rxd6 N7e6 28.Rxe6 Nxe6 29.Qd6 Rd8
30.Qxe6 Qxg3 31.Qe7 Rg8 32.Rf8 Qb3 33.Rxg8+ Qxg8 34.Qxe5 Rf2 35.a5 Qa8 36.a6 Rf8
37.Qd5 Qa7 38.e5 Rb8 39.Qd6 h6 40.Bd3 Qg1+ 41.Ka2 Qa7 42.e6 Re8 43.Bb5 Re7
44.Bd7  1-0

[Event "WYb14"]
[Site "Kemer TUR"]
[Date "2007.11.21"]
[Round "4"]
[White "Corlatescu,D"]
[Black "Dole,A"]
[Result "1-0"]
[WhiteElo "2081"]
[BlackElo "1797"]

1.e4 c5 2.Nf3 d6 3.d4 cxd4 4.Nxd4 Nf6 5.Nc3 a6 6.Be3 e5 7.Nb3 Be6 8.f3 Nbd7
9.Qd2 Be7 10.O-O-O O-O 11.g4 b5 12.Kb1 b4 13.Nd5 Bxd5 14.exd5 Nb6 15.Bxb6 Qxb6
16.h4 Nd7 17.g5 a5 18.h5 a4 19.Nc1 f5 20.Rh4 f4 21.Bh3 Nc5 22.Nd3 b3 23.cxb3 axb3
24.a3 Nxd3 25.Qxd3 Ra4 26.Rc1 Qf2 27.Be6+ Kh8 28.Qxb3 Raa8 29.Rg4 Rfb8 30.Qc3 Bd8
31.Rc2 Qf1+ 32.Ka2 Ba5 33.Qc6 Qxf3 34.h6 Qb3+ 35.Kb1 Qb7 36.Qxd6 Bc3 37.hxg7+ Kxg7
38.Bd7 e4 39.Qe7+ Kh8 40.Rh4 Bg7 41.g6  1-0

[Event "WYb16"]
[Site "Kemer TUR"]
[Date "2007.11.21"]
[Round "4"]
[White "Kleijn,C"]
[Black "Bogner,S"]
[Result "0-1"]
[WhiteElo "2210"]
[BlackElo "2383"]

1.e4 c5 2.Nf3 d6 3.d4 cxd4 4.Nxd4 Nf6 5.Nc3 a6 6.Be3 e5 7.Nb3 Be6 8.Qd2 Nbd7
9.f3 b5 10.Nd5 Bxd5 11.exd5 Nb6 12.Bxb6 Qxb6 13.a4 bxa4 14.Rxa4 Be7 15.Rb4 Qa7
16.Na5 Qc5 17.Bc4 O-O 18.Nc6 Bd8 19.Ra4 Bb6 20.Bxa6 Rfe8 21.c4 e4 22.f4 e3
23.Qe2 Nxd5 24.cxd5 Qc1+ 25.Qd1 Qxb2 26.Be2 Rxa4 27.Qxa4 Qc1+ 28.Qd1 Qc3+
29.Kf1 Ra8 30.g3 Ra1 31.Kg2 Rxd1 32.Rxd1 Qc2 33.Kf3 f5 34.Rd3 g6 35.Rxe3 Bxe3
36.Kxe3 Qc5+  0-1

[Event "WYb16"]
[Site "Kemer TUR"]
[Date "2007.11.22"]
[Round "5"]
[White "Tofte,S"]
[Black "Mustafaev,J"]
[Result "0-1"]
[WhiteElo "2107"]
[BlackElo "2275"]

1.e4 c5 2.Nf3 d6 3.d4 cxd4 4.Nxd4 Nf6 5.Nc3 a6 6.Be3 e5 7.Nb3 Be7 8.f3 Be6
9.Qd2 h5 10.O-O-O Nbd7 11.h3 Rc8 12.Be2 h4 13.f4 b5 14.Bf3 Qc7 15.Kb1 b4
16.Ne2 a5 17.g4 hxg3 18.Nxg3 a4 19.Nc1 exf4 20.Bxf4 Ne5 21.Bxe5 dxe5 22.Nf5 Bxf5
23.exf5 e4 24.Be2 a3 25.Ba6 Rd8 26.Qg2 Qe5 27.c4 bxc3 28.b3 Rd2 29.Rxd2 cxd2
30.Qxd2 O-O 31.Rg1 Nd5 32.Ne2 Bf6 33.Bc4 Rd8 34.Kc1 Qa1+ 35.Kc2  0-1

[Event "WYb16"]
[Site "Kemer TUR"]
[Date "2007.11.22"]
[Round "6"]
[White "Salgado Lopez,I"]
[Black "Bogner,S"]
[Result "1/2-1/2"]
[WhiteElo "2460"]
[BlackElo "2383"]

1.e4 c5 2.Nf3 d6 3.d4 cxd4 4.Nxd4 Nf6 5.Nc3 a6 6.Be3 e5 7.Nb3 Be6 8.Qd2 Nbd7
9.O-O-O b5 10.f4 Be7 11.Kb1 Qc7 12.f5 Bc4 13.h3 Rb8 14.g4 b4 15.Nd5 Nxd5
16.exd5 Bxf1 17.Rhxf1 O-O 18.g5 Rfc8 19.f6 Bf8 20.Qf2 a5 21.Nc1 Nb6 22.Bxb6 Rxb6
23.Qd2 a4 24.Rfe1 Rb5 25.Re2 Qb7 26.Qd3 Rcc5 27.Red2 Kh8 28.Qe4 Qc8 29.fxg7+ Bxg7
30.b3 a3 31.Rf2 Qb7 32.Rfd2 Kg8 33.h4 Rc3 34.Rg2 Qb6 35.Nd3 Rc8 36.Re2 Qc7
37.h5 Qc3 38.Rf1 Rf8 39.g6 Rb7 40.Rg2 fxg6 41.Rxf8+ Kxf8 42.hxg6 hxg6 43.Qxg6 Rf7
44.Qxd6+ Kg8 45.Qd8+ Rf8 46.Rxg7+  1/2-1/2

[Event "WYb14"]
[Site "Kemer TUR"]
[Date "2007.11.22"]
[Round "6"]
[White "Corlatescu,D"]
[Black "Raznikov,D"]
[Result "0-1"]
[WhiteElo "2081"]
[BlackElo "2162"]

1.e4 c5 2.Nf3 d6 3.d4 cxd4 4.Nxd4 Nf6 5.Nc3 a6 6.Be3 e5 7.Nb3 Be6 8.f3 Nbd7
9.Qd2 h5 10.O-O-O Qc7 11.h3 Be7 12.Rg1 h4 13.Bg5 b5 14.Nd5 Bxd5 15.exd5 Nxd5
16.Bxe7 Nxe7 17.Qxd6 Rc8 18.Qxc7 Rxc7 19.Rd6 Rc6 20.Rxc6 Nxc6 21.c4 Na7 22.Be2 Ke7
23.Kd2 Rc8 24.Rc1 Ke6 25.cxb5 Rxc1 26.Nxc1 axb5 27.Kc3 Kd5 28.Kb4 Kc6 29.Ka5 Nb8
30.a3 f5 31.Nd3 e4 32.Nb4+ Kc5 33.Na6+ Nxa6 34.Kxa6 Nc6 35.b4+ Nxb4+ 36.axb4+ Kxb4
37.Bxb5 Kc3 38.Kb6 Kd2 39.Kc5 e3 40.Kd4 g6 41.Ke5 e2  0-1

[Event "WYb16"]
[Site "Kemer TUR"]
[Date "2007.11.22"]
[Round "6"]
[White "Mazur,S"]
[Black "Nitin,S"]
[Result "0-1"]
[WhiteElo "2144"]
[BlackElo "2321"]

1.e4 c5 2.Nf3 d6 3.d4 cxd4 4.Nxd4 Nf6 5.Nc3 a6 6.Be3 e5 7.Nb3 Be6 8.f3 Nbd7
9.Qd2 Be7 10.O-O-O b5 11.Nd5 Bxd5 12.exd5 Nb6 13.Bxb6 Qxb6 14.g3 O-O 15.Bh3 a5
16.Kb1 a4 17.Nc1 b4 18.Rhe1 Ra5 19.Qe3 Qxe3 20.Rxe3 Nxd5 21.Ree1 f5 22.Bf1 Rc8
23.Bh3 g6 24.f4 Bf6 25.Nd3 e4 26.Rxe4 fxe4 27.Bxc8 exd3 28.Be6+ Kg7 29.Rxd3 Nc7
30.Rxd6 Nxe6 31.Rxe6 Rd5 32.Kc1 g5 33.Ra6 gxf4 34.gxf4 Bd4  0-1

[Event "WYb16"]
[Site "Kemer TUR"]
[Date "2007.11.22"]
[Round "6"]
[White "Krejci,Jan2"]
[Black "Shankland,S"]
[Result "0-1"]
[WhiteElo "2397"]
[BlackElo "2201"]

1.e4 c5 2.Nf3 d6 3.d4 cxd4 4.Nxd4 Nf6 5.Nc3 a6 6.Be3 e5 7.Nf3 Be7 8.Bc4 O-O
9.O-O Be6 10.Bb3 Nc6 11.Qe2 Na5 12.Rfd1 Nxb3 13.axb3 Qc7 14.h3 Rac8 15.Rd2 h6
16.Nh2 Qc6 17.Qd3 Rfd8 18.Nd5 Bxd5 19.exd5 Qd7 20.c4 Nh7 21.b4 f5 22.f4 e4
23.Qe2 Kh8 24.Nf1 Rg8 25.c5 Nf6 26.Qf2 Kh7 27.Rad1 Qb5 28.Bd4 dxc5 29.Be5 Nd7
30.d6 Bd8 31.Rd5 Bb6 32.Ne3 g6 33.Kh1 Qxb4 34.Qh4 Bd8 35.Qg3 Qb5 36.R5d2 Ba5
37.Rc2 Qb3 38.Rcc1 Qe6 39.Nd5 Bd8 40.Qb3 Nxe5 41.fxe5 Kh8 42.Qxb7 Bg5 43.Ra1 Qxe5
44.Rxa6 Rcd8 45.Nc3 e3 46.Qf3 Rd7 47.Rd5 Qe6 48.Qg3 Re8 49.Rd1 Qc4 50.Ra4 Qb3
51.h4 Qxd1+ 52.Nxd1 e2 53.Ne3 Rxe3 54.Qe1 Rxd6 55.Ra1 Bf4 56.Qg1 Bg3 57.Re1 Rd1  0-1

[Event "WYg16"]
[Site "Kemer TUR"]
[Date "2007.11.22"]
[Round "6"]
[White "Skinke,K"]
[Black "Tokhirjanova,H"]
[Result "1/2-1/2"]
[WhiteElo "2166"]
[BlackElo "2006"]

1.e4 c5 2.Nf3 d6 3.d4 cxd4 4.Nxd4 Nf6 5.Nc3 a6 6.Be3 e5 7.Nb3 Be6 8.Qd2 Nbd7
9.f3 b5 10.g4 Nb6 11.g5 Nfd7 12.Nd5 Bxd5 13.exd5 Rc8 14.c3 Be7 15.h4 h6 16.Rg1 hxg5
17.hxg5 Nc4 18.Bxc4 Rxc4 19.O-O-O Rch4 20.Rg2 Qc7 21.Kb1 Nb6 22.Qd3 Nc4 23.Rdg1 Qc8
24.Bc1 Bd8 25.Ka1 Bb6 26.Re1 Qh3 27.Rge2 O-O 28.Qc2 g6 29.Re4 Kg7 30.Rxh4 Qxh4
31.Re4 Qh1  1/2-1/2

[Event "WYb14"]
[Site "Kemer TUR"]
[Date "2007.11.24"]
[Round "7"]
[White "Ter Sahakyan,S"]
[Black "Sjugirov,S"]
[Result "1/2-1/2"]
[WhiteElo "2389"]
[BlackElo "2422"]

1.e4 c5 2.Nf3 d6 3.d4 cxd4 4.Nxd4 Nf6 5.Nc3 a6 6.Be3 e5 7.Nde2 Be6 8.f4 Nbd7
9.f5 Bc4 10.Nc1 Qc7 11.Nb3 Rc8 12.a3 b5 13.Qf3 d5 14.exd5 e4 15.Qh3 Bxd5
16.g4 Bxb3 17.cxb3 Bxa3 18.Rxa3 b4 19.Bc4 bxa3 20.g5 Qa5 21.gxf6 axb2 22.Kd2 gxf6
23.Bd4 Ne5 24.Bxe5 Qxe5 25.Kc2 O-O 26.Qg4+ Kh8 27.Qxe4 b1=Q+ 28.Rxb1 Qxh2+
29.Qe2 Qh3 30.Rf1 Rg8 31.Rf2 Rg5 32.Kb2 a5 33.Qd2 Rxf5 34.Rh2 Qg3 35.Re2 Re5
36.Rf2 Qh4 37.Rh2 Qg5 38.Qd3 Qf5 39.Qd4 Qg5 40.Bd3 Re1 41.Rc2 h5 42.Bc4 Rf8
43.Rd2 Kg7 44.Kc2 Rg1 45.Qf2 Re8 46.Qa7 Kh6 47.Qxf7 Qg6+ 48.Qxg6+ Kxg6 49.Nd5 Kg5
50.Rf2 f5 51.Nf4 Re3 52.Kd2 Reg3 53.Bd3 h4 54.Ne2 R1g2 55.Rxf5+ Kh6  1/2-1/2

[Event "WYb14"]
[Site "Kemer TUR"]
[Date "2007.11.24"]
[Round "7"]
[White "Arvola,B"]
[Black "Palsson,S"]
[Result "1-0"]
[WhiteElo "2051"]
[BlackElo "1829"]

1.e4 c5 2.Nf3 d6 3.d4 cxd4 4.Nxd4 Nf6 5.Nc3 a6 6.Be3 e6 7.f3 b5 8.Qd2 Bb7
9.g4 Nfd7 10.a4 b4 11.Na2 a5 12.c3 d5 13.cxb4 dxe4 14.Bb5 exf3 15.O-O-O Be7
16.Rhf1 Bd5 17.Nc3 Bxb4 18.Nc2 Qc7 19.Bd4 O-O 20.Qg5 f6 21.Nxd5 Qxc2+ 22.Kxc2 fxg5
23.Nxb4 axb4 24.Kb3 h6 25.Bc4 Kh7 26.Bxe6 Rf4 27.Be3 Ne5 28.Bxf4 gxf4 29.Rd8 Nec6
30.Rd6 Ra6 31.Bf5+ g6 32.Rxg6 Nd4+ 33.Kc4 Nxf5 34.gxf5 Rxa4 35.Rb6 Ra8 36.Rxf3  1-0

[Event "KNSB TCh-NED 2007-8"]
[Site "Netherlands NED"]
[Date "2007.11.24"]
[Round "4"]
[White "Van der Weide,K"]
[Black "Van Wely,L"]
[Result "0-1"]
[WhiteElo "2502"]
[BlackElo "2679"]

1.e4 c5 2.Nf3 d6 3.d4 cxd4 4.Nxd4 Nf6 5.Nc3 a6 6.Be3 e5 7.Nb3 Be6 8.f3 h5
9.Qd2 Nbd7 10.O-O-O Qc7 11.Kb1 Be7 12.h3 b5 13.f4 Nb6 14.Bxb6 Qxb6 15.Bd3 h4
16.Rhe1 Bd7 17.Nd5 Nxd5 18.exd5 Bf6 19.c3 Kf8 20.fxe5 dxe5 21.Qc2 g6 22.Nd2 Kg7
23.Ne4 Bd8 24.b4 Re8 25.Nc5 Qd6 26.Ne4 Qb6 27.Nc5 Qd6 28.Ne4 Qc7 29.d6 Qc6
30.Nc5 f5 31.Qd2 Bb6 32.Nxd7 Qxd7 33.Bc2 Rac8 34.Bb3 e4 35.c4 bxc4 36.Qc3+ Kh6
37.Ba4 Qxa4 38.d7 Qc6 39.dxc8=Q Rxc8 40.Qe5 Bc7 41.Qe7 Bg3 42.Re2 c3 43.Rc2 Qc4
44.Rdc1 Rb8 45.Rxc3 Rxb4+ 46.Rb3 Rxb3+ 47.axb3 Qxb3+ 48.Ka1 Qd5 49.Qf8+ Kh5
50.Qb4 e3 51.Rc5 Qd1+ 52.Ka2 e2  0-1

[Event "KNSB TCh-NED 2007-8"]
[Site "Netherlands NED"]
[Date "2007.11.24"]
[Round "4"]
[White "Swinkels,R"]
[Black "Burg,T"]
[Result "1-0"]
[WhiteElo "2433"]
[BlackElo "2275"]

1.e4 c5 2.Nf3 d6 3.d4 cxd4 4.Nxd4 Nf6 5.Nc3 a6 6.Be3 e5 7.Nf3 Be7 8.Bc4 O-O
9.O-O Be6 10.Bb3 Nc6 11.Qe2 Na5 12.Rfd1 Qc7 13.Bg5 Nh5 14.Bxe7 Qxe7 15.Nd5 Bxd5
16.Bxd5 Nf4 17.Qd2 Qc7 18.c3 Rad8 19.Qe3 Nxd5 20.Rxd5 Nc4 21.Qe2 Nb6 22.Rd3 f5
23.exf5 Rxf5 24.Rad1 d5 25.g4 Rf4 26.Nxe5 Re8 27.Re3 Re4 28.Rxe4 dxe4 29.Nf3 Qf4
30.Nd4 e3 31.f3 h5 32.Nf5 hxg4 33.fxg4 Re4 34.h3 g6 35.Rf1 Qe5 36.Nh4 Kg7
37.Nf3 Qe7 38.Rd1 Nc4 39.Rd4 Rxd4 40.cxd4 Qe4 41.b3 Nd6 42.Ng5 Qe7 43.h4 Nb5
44.d5 Nc3 45.Qf3 Nxa2 46.Ne6+ Kg8 47.h5 Nb4 48.hxg6 e2 49.Kf2 Nc2 50.Qxe2 Qh4+
51.Kf3 Qh1+ 52.Kg3 Qxd5 53.Nf4 Qxb3+ 54.Kh4 Ne3 55.Qd2 Qb6 56.Qa2+ Kh8 57.Qf7 Qd8+
58.Kh5 Qg8 59.Qf6+ Qg7 60.Qd8+ Qg8 61.Qd4+ Qg7 62.Qxe3 Qd7 63.Qe5+ Kg8 64.Kh6 Qxg4
65.Qe8+  1-0

[Event "TCh-HUN 2007-8"]
[Site "Budapest HUN"]
[Date "2007.11.25"]
[Round "3"]
[White "Mihok,O"]
[Black "Restas,P"]
[Result "1/2-1/2"]
[WhiteElo "2371"]
[BlackElo "2263"]

1.e4 c5 2.Nf3 d6 3.d4 cxd4 4.Nxd4 Nf6 5.Nc3 a6 6.Be3 e5 7.Nb3 Be6 8.f3 Be7
9.Qd2 O-O 10.O-O-O Qc7 11.g4 Rc8 12.g5 Nfd7 13.Qf2 b5 14.Kb1 b4 15.Nd5 Bxd5
16.exd5 a5 17.Bh3 a4 18.Nc1 Ra5 19.f4 exf4 20.Bxf4 Rc5 21.Rd2 Rf8 22.Be3 Rb5
23.Bf1 Rb7 24.h4 Ne5 25.Bd4 Nbd7 26.b3 a3 27.Qg3 f5 28.Ne2 Nc5 29.Bg2 Ne4
30.Bxe4 fxe4 31.Bxe5 dxe5 32.Qe3 Rb5 33.Rhd1 Bc5 34.Qxe4 Bd4 35.Rd3 Rd8 36.Nxd4 exd4
37.Qxd4 Rdxd5 38.Qc4 Qxc4 39.bxc4 Rxd3 40.cxd3 Rf5 41.Kc2 Rf2+ 42.Kb3 Rb2+
43.Ka4 Rxa2 44.Kxb4 Rh2 45.Kxa3 Rxh4 46.c5 Kf7 47.d4 Ke7 48.Kb4 Rg4 49.Kb5 Kd7
50.Kb6 Rxg5 51.Kb7 Rg2 52.Rb1 Rc2 53.Rb5 h5 54.c6+ Rxc6 55.Rxh5 Rg6 56.Rd5+ Rd6
57.Rg5 g6 58.d5  1/2-1/2

[Event "WYb16"]
[Site "Kemer TUR"]
[Date "2007.11.25"]
[Round "8"]
[White "Tofte,S"]
[Black "Gurcan,E"]
[Result "1-0"]
[WhiteElo "2107"]
[BlackElo "1955"]

1.e4 c5 2.Nf3 d6 3.d4 cxd4 4.Nxd4 Nf6 5.Nc3 a6 6.Be3 e5 7.Nb3 Be6 8.f3 Be7
9.Qd2 O-O 10.O-O-O Nbd7 11.g4 b5 12.g5 b4 13.Ne2 Ne8 14.f4 a5 15.f5 a4 16.Nbd4 exd4
17.Nxd4 b3 18.Kb1 bxc2+ 19.Nxc2 Bb3 20.axb3 axb3 21.Na3 Ne5 22.h4 Ra4 23.Qg2 Qa8
24.Bd4 Nc7 25.h5 Rb8 26.g6 fxg6 27.h6 Rbb4 28.fxg6 Nxg6 29.Bxg7 Ne6 30.Bc3 Nf4
31.Qf3 Qxe4+ 32.Qxe4 Rxe4 33.Bb5 Ra7 34.Bc6 Re6 35.Nb5 Ra2 36.Na3 Bf6 37.Bxf6 Rxf6
38.Ba4 Rxa3 39.bxa3 d5 40.Bxb3 Rb6 41.Ka2 Rd6 42.Rd4 Ne2 43.Rd2 Ngf4 44.Re1 Re6
45.Bxd5 Nc3+ 46.Kb2 Ncxd5 47.Rxe6 Kf7 48.Rd6  1-0

[Event "WYb14"]
[Site "Kemer TUR"]
[Date "2007.11.26"]
[Round "9"]
[White "Van Kampen,R"]
[Black "Pranav,S"]
[Result "1-0"]
[WhiteElo "2033"]
[BlackElo "2097"]

1.e4 c5 2.Nf3 d6 3.d4 cxd4 4.Nxd4 Nf6 5.Nc3 a6 6.Be3 e5 7.Nb3 Be6 8.Qd2 Be7
9.f4 exf4 10.Bxf4 Nc6 11.O-O-O Ne5 12.Nd4 Qc7 13.h3 O-O 14.g4 b5 15.Nf5 Bxf5
16.exf5 Rfc8 17.Bg2 b4 18.Nd5 Nxd5 19.Bxd5 Rab8 20.g5 Rb5 21.Qg2 Rc5 22.Bb3 Bf8
23.g6 Kh8 24.Bxe5 dxe5 25.gxf7 a5 26.f6 g6 27.h4  1-0

[Event "WYb18"]
[Site "Kemer TUR"]
[Date "2007.11.26"]
[Round "9"]
[White "Ye,L"]
[Black "Garcia,Ser"]
[Result "0-1"]
[WhiteElo "2214"]
[BlackElo "2087"]

1.e4 c5 2.Nf3 d6 3.d4 cxd4 4.Nxd4 Nf6 5.Nc3 a6 6.Be3 e5 7.Nb3 Be7 8.f4 O-O
9.f5 b5 10.a3 Bb7 11.Qd3 Nbd7 12.Be2 Rc8 13.Bf3 Nb6 14.O-O-O Nc4 15.h4 Qc7
16.Bd2 Rfd8 17.g4 d5 18.exd5 e4 19.Bxe4 Ne5 20.Qe2 Nxe4 21.Qxe4 Rxd5 22.Qe2 Rxd2
23.Qxd2 b4 24.Rh3 Nf3 25.Qd7 bxc3 26.Qxc7 Rxc7 27.g5 Be4 28.Nd4 Nxd4 29.Rxd4 cxb2+
30.Kxb2 Rxc2+ 31.Kb3 Bxf5 32.Re3 Bf8 33.Re5 Rc5 34.Re8 Be6+ 35.Kb2 Rc8 36.Rdd8 Rxd8
37.Rxd8 Bg4 38.Rd4 Bh5 39.Ra4 Be2 40.Re4 Bd3 41.Rd4 Be2 42.Re4 Bb5 43.a4 Bc6
44.Rc4 Bd5 45.Rd4 Be6 46.Rd8 f6 47.Ra8 Bc4 48.Kc3 Bf1 49.gxf6 gxf6 50.Ra7 h5
51.Kd4 Bg7 52.Ke4 Kh7 53.Rd7 Kg6 54.Rd1 Bc4 55.Rc1 Bb3 56.Rc6 Bxa4 57.Rxa6 Bd7
58.Rd6 Bg4 59.Rb6 Bf8 60.Kf4 Bc5 61.Rb2 Bd6+ 62.Ke3 Bg3 63.Rb6 Bxh4 64.Kf4 Bf2
65.Rb3 Bd4 66.Kg3 Be5+ 67.Kh4 Kf5 68.Rb5 Ke4 69.Rb4+ Bd4 70.Kg3 f5 71.Rb1 f4+
72.Kh2 Ke3 73.Rf1 Be2  0-1

[Event "WYb16"]
[Site "Kemer TUR"]
[Date "2007.11.26"]
[Round "9"]
[White "Poetz,F"]
[Black "Tasdelen,D"]
[Result "1/2-1/2"]
[WhiteElo "2174"]
[BlackElo "1990"]

1.e4 c5 2.Nf3 d6 3.d4 cxd4 4.Nxd4 Nf6 5.Nc3 a6 6.Be3 e5 7.Nb3 Be6 8.f3 Be7
9.Qd2 Nbd7 10.g4 O-O 11.O-O-O b5 12.g5 Nh5 13.Rg1 Nb6 14.Nd5 Bxd5 15.exd5 Qc7
16.Qf2 Nc4 17.Bd3 g6 18.Kb1 Nxe3 19.Qxe3 b4 20.Nc1 Rfb8 21.Ne2 Qd8 22.h4 b3
23.cxb3 a5 24.Rg4 Rb4 25.Rc1 Rab8 26.Qa7 R8b7 27.Qa6 Nf4 28.Nxf4 exf4 29.Rxf4 R7b6
30.Rc8 Rxa6 31.Rxd8+ Bxd8 32.Rxb4 axb4 33.Bxa6 Bb6 34.Kc2 Bc5 35.Kd3 Kf8
36.Ke4 Ke7 37.f4 Bf2 38.a4 Bxh4 39.Kf3 f6 40.Kg4 fxg5 41.fxg5 Bf2 42.Bc8 Be3
43.Be6 h5+ 44.gxh6 Bxh6 45.a5 Be3 46.Kf3 Bc5  1/2-1/2

[Event "WYb18"]
[Site "Kemer TUR"]
[Date "2007.11.26"]
[Round "9"]
[White "Spoelman,W"]
[Black "Forsaa,E"]
[Result "0-1"]
[WhiteElo "2445"]
[BlackElo "2263"]

1.e4 c5 2.Nf3 d6 3.d4 cxd4 4.Nxd4 Nf6 5.Nc3 a6 6.Be3 e6 7.f3 b5 8.Qd2 Nbd7
9.O-O-O Bb7 10.g4 h6 11.h4 b4 12.Nce2 d5 13.exd5 Nxd5 14.Nf4 Nxe3 15.Qxe3 Qb6
16.Bc4 O-O-O 17.Nd3 Be7 18.g5 hxg5 19.hxg5 Rxh1 20.Rxh1 Nc5 21.c3 bxc3 22.bxc3 Nxd3+
23.Bxd3 Qc5 24.Kc2 Bxg5 25.Rh5 Qxc3+ 26.Kxc3 Bxe3 27.Nc2 Bf4 28.Nb4 Rd6 29.Rc5+ Kb8
30.a4 Rb6 31.Rh5 g5 32.Rh8+ Ka7  0-1

[Event "WYb16"]
[Site "Kemer TUR"]
[Date "2007.11.27"]
[Round "10"]
[White "Adhiban,B"]
[Black "Yilmaz,M"]
[Result "1/2-1/2"]
[WhiteElo "2422"]
[BlackElo "2247"]

1.e4 c5 2.Nf3 d6 3.d4 cxd4 4.Nxd4 Nf6 5.Nc3 a6 6.Be3 e5 7.Nb3 Be7 8.f4 O-O
9.Qd2 Ng4 10.f5 Nxe3 11.Qxe3 Nd7 12.Nd5 b6 13.Qf3 Bg5 14.g3 Bb7 15.h4 Bh6
16.Nc3 Rc8 17.Bd3 Re8 18.a4 d5 19.O-O Nf6 20.exd5 Rxc3 21.bxc3 e4 22.Bxe4 Rxe4
23.Rfe1 Bxd5 24.Rxe4 Bxe4 25.Qe2 Qc7 26.Kh2 Bxf5 27.Nd4 Bc8 28.Re1 g6 29.Qe7 Ng4+
30.Kg2 Bb7+ 31.Kh3 Nf2+ 32.Kh2 Qxe7 33.Rxe7 Ng4+ 34.Kh3 Nf2+ 35.Kh2 Bd5 36.Rd7 Ng4+
37.Kh3 Nf2+ 38.Kh2 Be4 39.Rd6 Ng4+ 40.Kh3 Nf2+ 41.Kh2 Nd1 42.Rxb6 Nxc3 43.Rxa6 Be3
44.Nb5 Ne2 45.Rd6 Bf2 46.Rd2 Bf3 47.Rd3 Be4 48.Rd2 Bf3 49.Rd3 Be4  1/2-1/2

[Event "WYb14"]
[Site "Kemer TUR"]
[Date "2007.11.27"]
[Round "10"]
[White "Narayanan,Sr"]
[Black "Koohestani,S"]
[Result "1-0"]
[WhiteElo "2201"]
[BlackElo "2090"]

1.e4 c5 2.Nf3 d6 3.d4 cxd4 4.Nxd4 Nf6 5.Nc3 a6 6.Be3 e5 7.Nb3 Be6 8.f4 Ng4
9.Bd2 exf4 10.Bxf4 Nc6 11.Qe2 Nge5 12.h3 g5 13.Be3 Bg7 14.Qd2 h6 15.O-O-O Bf8
16.Kb1 Qc7 17.Be2 Be7 18.Nd5 Bxd5 19.exd5 Nb8 20.Nd4 Nbd7 21.Nf5 Bf8 22.Bd4 O-O-O
23.Bc3 Nc5 24.Ba5 b6 25.Bb4 Kb7 26.Rhe1 Rc8 27.Bc3 f6 28.Bd4 Rh7 29.Bf1 Qd7
30.Qf2 Rf7 31.Re3 b5 32.b3 Qd8 33.g4 Qa5 34.Bxe5 fxe5 35.Nxd6+ Bxd6 36.Qxf7+ Rc7
37.Qf6 Qb6 38.Rde1 Ka7 39.Rf3 e4 40.Rc3 Kb7 41.Qd4 Re7 42.Bg2 a5 43.a3 Re8
44.b4 axb4 45.axb4 Na4 46.Qxb6+ Nxb6 47.Rxe4 Rxe4 48.Bxe4 Bxb4 49.d6+ Kb8
50.Rc6 Nd7 51.Bf5 Ne5 52.Rb6+ Ka7 53.d7 Nxd7 54.Rxb5  1-0

[Event "WYb14"]
[Site "Kemer TUR"]
[Date "2007.11.28"]
[Round "11"]
[White "Van Kampen,R"]
[Black "Chua Zheng Yuan,T"]
[Result "1-0"]
[WhiteElo "2033"]
[BlackElo "2096"]

1.e4 c5 2.Nf3 d6 3.d4 cxd4 4.Nxd4 Nf6 5.Nc3 a6 6.Be3 e6 7.g4 b5 8.g5 Nbd7
9.Bd3 Nb6 10.h4 Nfd7 11.f4 Bb7 12.Qf3 Rc8 13.h5 Nc5 14.O-O-O Nxd3+ 15.Rxd3 b4
16.Nce2 d5 17.e5 Nc4 18.Kb1 Nxe3 19.Qxe3 Bc5 20.Qg3 Qd7 21.Qg4 a5 22.Rdh3 Ba6
23.g6 fxg6 24.hxg6 Bxe2 25.Nxe2 h6 26.Rf3 O-O 27.Rd1 Qc6 28.Rd2 a4 29.Ng3 b3
30.axb3 a3 31.bxa3 Bxa3 32.f5 exf5 33.Nxf5 Qa6 34.Rxd5 Ra8 35.Rd7 Rxf5 36.Qxf5 Be7
37.Kc1 Bg5+ 38.Kd1 Qa1+ 39.Ke2 Qa6+ 40.Rdd3 Qa3 41.Qe6+ Kh8 42.Qd6  1-0

[Event "WYb14"]
[Site "Kemer TUR"]
[Date "2007.11.28"]
[Round "11"]
[White "Halvax,G"]
[Black "Andreev,Sa"]
[Result "0-1"]
[WhiteElo "2059"]
[BlackElo "1983"]

1.e4 c5 2.Nf3 d6 3.d4 cxd4 4.Nxd4 Nf6 5.Nc3 a6 6.Be3 Ng4 7.Bg5 h6 8.Bh4 g5
9.Bg3 Bg7 10.Be2 h5 11.Bxg4 Bxg4 12.f3 Bd7 13.Qd2 Nc6 14.Bf2 Ne5 15.Nd5 Rc8
16.Rd1 e6 17.Nb4 Nc4 18.Qc1 g4 19.c3 gxf3 20.gxf3 Bh6 21.Qc2 Ne3 22.Bxe3 Bxe3
23.Qg2 Kf8 24.Nbc2 Bh6 25.Rg1 Qb6 26.Nb3 Ke7 27.Qg3 Rcg8 28.Qxg8 Rxg8 29.Rxg8 Bf4
30.Rg2 e5 31.Rd3 Bh3 32.Nb4 Kf8 33.Nd5 Qb5 34.Rgd2 Bxd2+ 35.Kxd2 Bf1 36.Re3 Bc4
37.Nb4 a5 38.Nc2 Bxb3 39.axb3 Qxb3 40.Rd3 Qxb2 41.Rxd6 a4 42.Rd5 f6 43.Rd8+ Kf7
44.Rd7+ Ke8 45.Rg7 a3  0-1

[Event "Open"]
[Site "Rijeka CRO"]
[Date "2007.11.28"]
[Round "5"]
[White "Muslija,I"]
[Black "Saric,A"]
[Result "0-1"]
[WhiteElo "2251"]
[BlackElo "2441"]

1.e4 c5 2.Nf3 d6 3.d4 cxd4 4.Nxd4 Nf6 5.Nc3 a6 6.Be3 e5 7.Nb3 Be7 8.f3 Be6
9.Qd2 O-O 10.O-O-O Nbd7 11.g4 Qc7 12.h4 b5 13.h5 b4 14.Ne2 a5 15.g5 a4 16.Na1 Ne8
17.Qxb4 Nc5 18.Kb1 Rb8 19.Qc3 Qb7 20.Ng3 a3 21.b3 Na4 22.Qa5 Ra8 23.Qd2 d5
24.Qe1 Bb4 25.Bd2 Bxd2 26.Qxd2 d4 27.Ne2 Bc4 28.Nxd4 Bxf1 29.Nf5 Be2  0-1

[Event "Open"]
[Site "Rijeka CRO"]
[Date "2007.11.28"]
[Round "5"]
[White "Colpa,H"]
[Black "Radmanovic,L"]
[Result "1-0"]
[WhiteElo "2085"]
[BlackElo "1929"]

1.e4 c5 2.Nf3 d6 3.d4 cxd4 4.Nxd4 Nf6 5.Nc3 a6 6.Be3 Nc6 7.Be2 e6 8.Qd2 Be7
9.f3 Bd7 10.a4 Qc7 11.O-O Rc8 12.f4 O-O 13.Bf3 Rfd8 14.Kh1 Na5 15.Qd3 Nc4
16.Bc1 e5 17.Nde2 exf4 18.Nxf4 Ne5 19.Qd1 Bc6 20.Nfd5 Nxd5 21.exd5 Bd7 22.Be4 Bg4
23.Qe1 Bh5 24.Bf5 Rb8 25.Bf4 Bg6 26.Bxe5 dxe5 27.Qe4 Rd6 28.Rad1 Rb6 29.Qd3 Bd6
30.b3 Rb4 31.Ne4 b5 32.axb5 R4xb5 33.Qf3 R8b7 34.Rd3 Bxf5 35.Qxf5 g6 36.Nf6+ Kh8
37.Rh3 h5 38.Rxh5+  1-0

[Event "20th Belgrade Trophy"]
[Site "Belgrade SRB"]
[Date "2007.11.29"]
[Round "8"]
[White "Bojovic,D"]
[Black "Vasovski,N"]
[Result "1/2-1/2"]
[WhiteElo "2228"]
[BlackElo "2411"]

1.e4 c5 2.Nf3 d6 3.d4 cxd4 4.Nxd4 Nf6 5.Nc3 a6 6.Be3 e5 7.Nb3 Be6 8.f3 Be7
9.Qd2 O-O 10.O-O-O Qc7 11.Kb1 Rc8 12.g4 d5 13.g5 d4 14.gxf6 dxe3 15.Qxe3 Bxf6
16.Bd3 Nd7 17.Nd5 Bxd5 18.exd5 a5 19.a4 Qd6 20.Qe4 g6 21.Bb5 Nc5 22.Nxc5 Rxc5
23.c4 Bg7 24.h4 h5 25.Rhg1 Rd8 26.Rde1 Rc7 27.Rg2 Qf6 28.Rc2 Qd6 29.Rg2 Qf6
30.Kc2  1/2-1/2